| 000 | 00559nam a2200205Ia 4500 | ||
|---|---|---|---|
| 005 | 20250611124219.0 | ||
| 008 | 008 250516s9999 xx 000 0 eng d | ||
| 020 | _a9789361314469 | ||
| 040 |
_beng _cSDCL |
||
| 041 |
_aeng _2eng |
||
| 084 | _aW:1'P R4 | ||
| 100 |
_aCairney, Paul _9809871 |
||
| 245 | 0 |
_aUnderstanding public policy : _bTheories and issues |
|
| 250 | _a2nd ed. | ||
| 260 |
_aNew Delhi : _bBloomsbury, _c2024. |
||
| 300 | _axx, 296p. | ||
| 490 | _aTextbooks in policy studies | ||
| 650 | _aPolitical Science | ||
| 942 |
_cTEXL _2CC |
||
| 999 |
_c1430058 _d1430058 |
||